000 00595cam a22002177a 4500
005 20220817043848.0
008 021001d1995 es ad r 00110 spa d
010 _a86415
011 _a87387
020 _a8487729169
035 _a97930
245 0 0 _c/por
260 _a[Barcelona] :
_bEdiciones de Horticultura SL,
_c1995
300 _a163 p. :
_bilus. ; gráfs. ; cuadros
590 _aBATCH-UPD
_b10
_c20130110
_lUCH01
_h2042
590 _aCONVERSION
_b10
_c20130109
_lUCH01
_h1348
650 1 4 _aPlantas ornamentales.
901 _aBK
905 _aMarco A. Mendoza T.
911 _aCustodia
999 _c86415
_d86415